|
|
|
|
| LEADER |
01914nam a2200433Ia 4500 |
| 001 |
EBC408266 |
| 003 |
MiAaPQ |
| 005 |
20200520144314.0 |
| 006 |
m o d | |
| 007 |
cr cn||||||||| |
| 008 |
960612s1990 ilua sb 101 0 eng d |
| 010 |
|
|
|z 90019371
|
| 020 |
|
|
|z 9780226043845
|
| 020 |
|
|
|z 0226043843
|
| 035 |
|
|
|a (MiAaPQ)EBC408266
|
| 035 |
|
|
|a (Au-PeEL)EBL408266
|
| 035 |
|
|
|a (CaPaEBR)ebr10230007
|
| 035 |
|
|
|a (CaONFJC)MIL143075
|
| 035 |
|
|
|a (OCoLC)476228298
|
| 040 |
|
|
|a MiAaPQ
|c MiAaPQ
|d MiAaPQ
|
| 050 |
|
4 |
|a HC106.3
|b .F55 1990
|
| 245 |
0 |
0 |
|a Fifty years of economic measurement
|h [electronic resource] :
|b the jubilee of the Conference on Research in Income and Wealth /
|c edited by Ernst R. Berndt and Jack E. Triplett.
|
| 260 |
|
|
|a Chicago :
|b University of Chicago Press,
|c 1990.
|
| 300 |
|
|
|a ix, 454 p. :
|b ill.
|
| 490 |
1 |
|
|a Studies in income and wealth ;
|v v. 54
|
| 500 |
|
|
|a Contains part of the papers and discussion presented at the 50th Anniversary Conference of the Conference on Research in Income and Wealth held May 12-14, 1988, in Washington, D.C.
|
| 504 |
|
|
|a Includes bibliographical references and indexes.
|
| 533 |
|
|
|a Electronic reproduction. Ann Arbor, MI : ProQuest, 2015. Available via World Wide Web. Access may be limited to ProQuest affiliated libraries.
|
| 610 |
2 |
0 |
|a Conference on Research in Income and Wealth
|v Congresses.
|
| 650 |
|
0 |
|a Income
|v Congresses.
|
| 650 |
|
0 |
|a Wealth
|v Congresses.
|
| 650 |
|
0 |
|a Saving and investment
|v Congresses.
|
| 655 |
|
4 |
|a Electronic books.
|
| 700 |
1 |
|
|a Berndt, Ernst R.
|
| 700 |
1 |
|
|a Triplett, Jack E.
|
| 710 |
2 |
|
|a Conference on Research in Income and Wealth.
|b 50th Anniversary Conference
|d (1988 :
|c Washington, D.C.)
|
| 710 |
2 |
|
|a ProQuest (Firm)
|
| 830 |
|
0 |
|a Studies in income and wealth ;
|v v. 54.
|
| 856 |
4 |
0 |
|u https://ebookcentral.proquest.com/lib/matrademy/detail.action?docID=408266
|z Click to View
|